Central Library OPAC University of Rajshahi

My days with Nehru / (Record no. 63981)

MARC details
000 -LEADER
fixed length control field 00804nam a2200265 a 4500
001 - CONTROL NUMBER
control field 63981
003 - CONTROL NUMBER IDENTIFIER
rucl marc code BD-RjUL
005 - DATE AND TIME OF LATEST TRANSACTION
control field 20211209081247.0
008 - FIXED-LENGTH DATA ELEMENTS--GENERAL INFORMATION
fixed length control field 170206s1979 ii af 001 0aeng d
020 ## - INTERNATIONAL STANDARD BOOK NUMBER
International Standard Book Number 0706908236
035 ## - SYSTEM CONTROL NUMBER
System control number (BD-RjUL) 64111
040 ## - CATALOGING SOURCE
Original cataloging agency BD-RjUL
Transcribing agency BD-RjUL
Language of cataloging eng
041 ## - LANGUAGE CODE
Language code of text/sound track or separate title eng
082 00 - DEWEY DECIMAL CLASSIFICATION NUMBER
Classification number 954.042
Edition number 23
Author mark and year MAM 1979
100 1# - MAIN ENTRY--PERSONAL NAME
Personal name Mathai, M. O.,
Dates associated with a name 1909-
9 (RLIN) 189993
245 10 - TITLE STATEMENT
Title My days with Nehru /
Statement of responsibility, etc. M. O. Mathai.
260 ## - PUBLICATION, DISTRIBUTION, ETC. (IMPRINT)
Place of publication, distribution, etc. New Delhi :
Name of publisher, distributor, etc. Vikas,
Date of publication, distribution, etc. c1979.
300 ## - PHYSICAL DESCRIPTION
Pagination xv, 270 p. :
Illustrations ill. ;
Size 22 cm.
500 ## - GENERAL NOTE
General note Includes index.
600 10 - SUBJECT ADDED ENTRY--PERSONAL NAME
Personal name Mathai, M. O.,
Dates associated with a name 1909-
Personal name Nehru, Jawaharlal,
Dates associated with a name 1889-1964.
651 #0 - SUBJECT ADDED ENTRY--GEOGRAPHIC NAME
Geographic name India
General subdivision Politics and government
Chronological subdivision 1947-
9 (RLIN) 173288
Geographic name India
General subdivision Officials and employees
-- Biography.
9 (RLIN) 189994
942 ## - ADDED ENTRY ELEMENTS (KOHA)
Source of classification or shelving scheme Dewey Decimal Classification
Koha item type Books
Holdings
Lost status Source of classification or shelving scheme Damaged status Not for loan Collection code Permanent Location Current Location Shelving location Date acquired Source of acquisition Cost, normal purchase price Total Checkouts Full call number Date last seen Copy number Koha item type
  Dewey Decimal Classification   Not For Loan Non-fiction Central Library, University of Rajshahi Central Library, University of Rajshahi Reading Room 09/07/1982 Aligar Library 105.00   954.042 MAM 1979 06/02/2017 C-1 Books